000 00468nam a2200169Ia 4500
008 131103s9999 xx 000 0 und d
040 _aLoreto College
041 _aEnglish
082 _aREF
_bLCBED/7221
245 4 _aThe golden treasury of myths and legends
_cShanta Rameshwar Rao
260 _aNew York
_bGolden press
_c1959
300 _a165p.
_b ill., pic
_c 26cm.
504 _aIncludes index
650 _aRefarence book
850 _aLCBED/REF
942 _cBK
999 _c31151
_d81630